| 000 | 00390nab a2200145Ia 4500 | ||
|---|---|---|---|
| 003 | ES-SlBCS | ||
| 005 | 20210601124257.0 | ||
| 008 | 140529s1952 xxu||||| |||| 00| 0 eng d | ||
| 041 | _aeng | ||
| 100 | 1 |
_aNelan, Linus _9138967 |
|
| 245 | 0 | 4 |
_aThe Best Part _c Linus Nelan |
| 650 | 0 | 4 |
_aMarta-María _9138968 |
| 773 | 0 |
_tDominicana _gvol. 37, nº. 1, 1952, págs. 39-42 _wRev1398 |
|
| 942 | _cAR | ||
| 999 |
_c512181 _d512181 |
||